HACIA EL VATICANO III. LO QUE ESTA POR HACER EN LA IGLESIA

Guardat en:
Dades bibliogràfiques
Autor principal: Tracy D. (autor)
Format: Llibre
Etiquetes: Afegir etiqueta
Sense etiquetes, Sigues el primer a etiquetar aquest registre!

MARC

LEADER 00000nam^a2200000^a^4500
001 000212321
005 20250521000000.0
009 20260310103450.723
035 |a 006098 
037 |a Acervo Xavier Clavigero 
082 |a 243. TRA 
100 |a Tracy D.  |e (autor) 
245 1 0 |a HACIA EL VATICANO III. LO QUE ESTA POR HACER EN LA IGLESIA 
264 |a MADRID :  |b CRISTIANDAD,  |c 1978 
336 |a texto  |b txt  |2 rdacontenido 
337 |a sin mediación  |b n  |2 rdamedio 
338 |a volumen  |b nc  |2 rdasoporte 
649 |a XX 
910 |a Fondo General 
920 |a Impresos - Libros 
930 |a Colección General 
905 |a 101 
901 |a 006098  |b IT1  |c ACC  |i 006098  |u 20250521 
902 |a https://opac.biblio.iteso.mx/vufind/Record/000212321